Multiple-Time Indy 500 Winners - Statistics

General Stats
  • This quiz has been taken 2 times
  • The average score is 35 of 52
Answer Stats
Year Driver % Correct
1977 A.J. Foyt
100%
1967 A.J. Foyt
100%
1964 A.J. Foyt
100%
1961 A.J. Foyt
100%
1987 Al Unser
100%
1978 Al Unser
100%
1971 Al Unser
100%
1970 Al Unser
100%
1994 Al Unser Jr.
100%
1992 Al Unser Jr.
100%
1997 Arie Luyendyk
100%
1990 Arie Luyendyk
100%
1981 Bobby Unser
100%
1975 Bobby Unser
100%
1968 Bobby Unser
100%
2021 Helio Castroneves
100%
2009 Helio Castroneves
100%
2002 Helio Castroneves
100%
2001 Helio Castroneves
100%
1980 Johnny Rutherford
100%
1976 Johnny Rutherford
100%
1974 Johnny Rutherford
100%
1991 Rick Mears
100%
1988 Rick Mears
100%
1984 Rick Mears
100%
1979 Rick Mears
100%
1954 Bill Vukovich
50%
1953 Bill Vukovich
50%
2012 Dario Franchitti
50%
2010 Dario Franchitti
50%
2007 Dario Franchitti
50%
1982 Gordon Johncock
50%
1973 Gordon Johncock
50%
2024 Josef Newgarden
50%
2023 Josef Newgarden
50%
2015 Juan Pablo Montoya
50%
2000 Juan Pablo Montoya
50%
1948 Mauri Rose
50%
1947 Mauri Rose
50%
1941 Mauri Rose
50%
1962 Rodger Ward
50%
1959 Rodger Ward
50%
2020 Takuma Sato
50%
2017 Takuma Sato
50%
1936 Louis Meyer
0%
1933 Louis Meyer
0%
1928 Louis Meyer
0%
1923 Tommy Milton
0%
1921 Tommy Milton
0%
1940 Wilbur Shaw
0%
1939 Wilbur Shaw
0%
1937 Wilbur Shaw
0%
No matching quizzes found
Score Distribution
Percent of People with Each Score
Percentile by Number Answered
Your Score History
You have not taken this quiz